Petita història dels documents confiscats a Catalunya / text: Francesc Olivé Ollé i Pilar Reverté Vidal ; il·lustració: Pilarín Bayés Francesc Olivé Ollé i Pilar Reverté Vidal ; il·lustració:
ISBN:
978-84-8334-864-2
Descripción Física:
[18] p. : principalment il. col. ; 27 cm
MARC
| LEADER | 00000nam a2200000Ia 4500 | ||
|---|---|---|---|
| 001 | 19965 | ||
| 008 | 160829s2008 xx 000 0 cat d | ||
| 020 | |a 978-84-8334-864-2 | ||
| 080 | |a FU-11-21 | ||
| 100 | |a Olivé, Francesc |9 44207 | ||
| 245 | |a Petita història dels documents confiscats a Catalunya / text: |b Francesc Olivé Ollé i Pilar Reverté Vidal ; il·lustració: |b Pilarín Bayés | ||
| 260 | |a Barcelona : |b Mediterrània, |c 2008 | ||
| 300 | |a [18] p. : |b principalment il. col. ; |c 27 cm | ||
| 650 | |a Persecucions polítiques |x Catalunya |9 44212 | ||
| 650 | |a Materials d'arxiu |9 44213 | ||
| 651 | 0 | |a Catalunya |x Història |y 1936-1939, Guerra Civil |x Confiscacions |9 55965 | |
| 651 | 0 | |a Espanya |x Història |y 1936-1939, Guerra Civil |x Confiscacions |9 55966 | |
| 700 | |a Reverté Vidal, Maria Pilar |9 44214 | ||
| 700 | |a Bayés, Pilarín, |d 1941- |e il·lustrador |9 47310 | ||
| 901 | |a Arxiu | ||
| 942 | |n 1 |2 udc | ||
| 952 | |0 0 |1 0 |4 0 |6 FU1121 |7 1 |9 51847 |a Arxiu |b Arxiu |d 2016-12-01 |l 0 |o FU-11-21 |p 19965 |r 2016-12-01 00:00:00 |w 2016-12-01 |y ARXIU | ||
| 999 | |c 55693 |d 55693 | ||